000 00347nam a2200145Ia 4500
008 191201s2005 xx 000 0 und d
082 _a510
_bGEA
100 _aGerald, Curtis F
245 0 _aApplied Numerical Analysis
250 _a6th
260 _aN.Delhi
_bPearson Education
_c2005
300 _a698
650 _aApplied
942 _2ddc
_cBK
_01
999 _c1215
_d1215